000 02711cam a2200637 i 4500
001 xx004882366
003 NUKAT
005 20260428104833.0
008 200610s2020 pl a |001 0 pol c
020 _a9788360108581
020 _a9788380988163
020 _a9788363477271
035 _a(OCoLC)1164109033
035 _a(NUKAT)xx004882366
040 _aSAND 001/MK
_bpol
_erda
_cSAND 001/MK
_dSAND 001/MK
_dGD U/MJs
_dPOZN U/EMs
_dWA 14/PTs
045 2 _bd1889
_bd1983
046 _k2020
_o1889
_p1983
245 0 0 _aKorespondencja rodziny Artwińskich (1889-1983) :
_bKielce - Kraków - Lwów /
_cwstęp, wybór i opracowanie Paweł Wolańczyk.
260 _aKielce :
_bWojewódzka Biblioteka Publiczna im. Witolda Gombrowicza :
_bMuzeum Historii Kielc ;
_aWarszawa :
_bInstytut Pamięci Narodowej - Komisja Ścigania Zbrodni przeciwko Narodowi Polskiemu,
_c2020.
300 _a335 stron :
_bilustracje ;
_c24 cm.
336 _aTekst
_btxt
_2rdacontent
337 _aBez urządzenia pośredniczącego
_bn
_2rdamedia
338 _aWolumin
_bnc
_2rdacarrier
380 _aKsiążki
380 _aLiteratura faktu, eseje, publicystyka
380 _aPublikacje naukowe
386 _mPrzynależność kulturowa
_aLiteratura polska
388 1 _a1801-1900
388 1 _a1901-2000
388 1 _a2001-
490 1 _aSeria świętokrzyska : dzienniki, wspomnienia, pamiętniki, listy ;
_vt. 4
504 _aBibliografia na stronach 311-317. Indeksy.
600 3 7 _aArtwińscy
_c(rodzina)
_2DBN
_940770
600 1 7 _aArtwiński, Stefan Władysław
_d(1863-1939)
_vkorespondencja.
_2kaba
_940771
600 3 7 _aArtwińscy
_c(rodzina)
_vkorespondencja.
_2kaba
_940772
648 7 _a1801-1900
_2DBN
_936037
648 7 _a1901-2000
_2DBN
_934996
650 7 _aRodzina
_2DBN
_936921
651 7 _aKielce (woj. świętokrzyskie)
_2DBN
_938044
651 7 _aKraków (woj. małopolskie)
_2DBN
_935889
651 7 _aLwów (Ukraina, obw. lwowski)
_2DBN
_938862
655 7 _aAntologia
_2DBN
_934961
655 7 _aEdycja krytyczna
_2DBN
_935006
655 7 _aListy
_2DBN
_937131
655 7 _aWydawnictwo źródłowe
_2DBN
_935066
658 _aHistoria
700 1 _aWolańczyk, Paweł
_d(1982- ).
_eRedakcja
_914514
710 2 _aMuzeum Historii Kielc.
_eWydawca
_4pbl
_914513
710 2 _aWojewódzka Biblioteka Publiczna im. Witolda Gombrowicza (Kielce).
_eWydawca
_4pbl
_917110
710 2 _aInstytut Pamięci Narodowej - Komisja Ścigania Zbrodni przeciwko Narodowi Polskiemu.
_eWydawca
_4pbl
_911792
830 0 _aSeria Świętokrzyska "Dzienniki, Wspomnienia, Pamiętniki, Listy"
_vt. 4
_917113
920 _a978-83-60108-58-1
920 _a978-83-8098-816-3
920 _a978-83-63477-27-1
942 _2ddc
_cBK_NM
999 _c27835
_d27835